| 000 | 01832cab a2200241 4500 | ||
|---|---|---|---|
| 001 | L136284 | ||
| 008 | 070123n2006 000 0 eng u | ||
| 035 | _a(Sirsi) u136284 | ||
| 041 | 0 | _aeng | |
| 050 | _a332.6324 $2 18 | ||
| 050 | 0 | 4 | _a332.6324 $2 18 |
| 110 | 2 |
_aParagon Mortgages _94976 |
|
| 245 | 0 | 0 |
_aParagon Mortgages buy-to-let index _bOctober 2006 _h[electronic resource] |
| 260 |
_aSolihull _bParagon Mortgages _c2006 |
||
| 490 | 0 | 0 |
_aParagon Mortgages Buy-to-Let Index _zvOctober 2006 |
| 505 | 1 | _aHighlights -- Rental yield average for England and Wales -- Property value and rental income average for England and Wales -- Landlord property value, rental value, yield and percentage change by region -- Landlord property yields by region -- Landlord property values by region -- Landlord rental incomes by region -- Landlord property value, rental value, yield and percentage change by property type | |
| 520 | _aYields remained stable in October for the fifth successive month at just over 6% and were highest in Wales (6.4%), the East Midlands (6.43%), the South West (6.36%) and the North West (6.28%). Average property values fell from £171 352 in August to £166 417 in September. Rental incomes eased as property values declined slightly, but remain above the £10 000 mark. Over the past year, rents have risen significantly in the North, East Midlands and South East. Total returns were highest in the North (27.50%) and South East (18.95%) and East Midlands (18.28%). Tables and Graphs. | ||
| 650 | 2 | 4 | _aPARAGON MORTGAGES BUY-TO-LET INDEX |
| 651 | 4 |
_aEngland and Wales _y1543- |
|
| 690 | _aPROPERTY-RESIDENTIAL PROPERTY-RESIDENTIAL PROPERTY MARKET | ||
| 856 |
_uhttps://www.paragon-mortgages.co.uk/mortgagehome.nsf/BTLIndex _zView the index free of charge at www.paragon-mortgages.co.uk... |
||
| 942 | _n0 | ||
| 999 |
_c78231 _d78231 |
||